000 00497nam a2200181Ia 4500
001 20280
005 20260306172754.0
008 260306t2023||||xx |||||||||||||| ||spa||
041 _aESP
082 _a344.526
_bP84A
100 _aPrado Saldarriaga, Víctor Roberto,
_eAUT
245 0 _aLavado de activos virtuales :
_bnueva tipología del crimen organizado en el Perú
260 _c2023
300 _a559 páginas :
_c25 cm.
650 _aGEN
654 _aCDE
942 _cLIB
_dJUS
_fJUS
_2ddc
_n
999 _c20280
_d20280